| 000 | 00668nam a2200205Ia 4500 | ||
|---|---|---|---|
| 003 | GCL | ||
| 008 | 140319s9999 xx 000 0 ara d | ||
| 040 |
_aGCL / _cGCL |
||
| 082 | 0 | 4 |
_a301.6 _bس ق |
| 100 | 1 | _aسميث، ليليان | |
| 245 | 1 | 0 |
_aقتلة الاحلام : مآساة التفرقة العنصرية فى امريكا / _cسميث، ليليان |
| 700 | 1 | _aمحمد كمال ثابت | |
| 700 | 1 | _aيحيى ابوبكر | |
| 300 | _a220 ص | ||
| 490 |
_aالالف كتاب _v0 |
||
| 650 | 0 | 4 | _aالولايات المتحدة الامريكية |
| 650 | 0 | 4 | _aالاقليات |
| 650 | 0 | 4 | _aالتفرقة العنصرية |
| 942 |
_2ddc _cBK |
||
| 999 |
_c42805 _d42805 |
||